000
00289 a2200121 4500
001
32821
090
_c
21993
_d
21993
100
_a
Rogers,G.F.C
245
_a
Thermodynamics and Transport Properties of Fluids, 5/e
_b
SI units
250
_a
5
260
_a
USA
_b
Blackwell Pub
_c
2003
300
_a
28 p.
942
_a
NUST-CAE
999
_c
267894
_d
267894